000 00668nam a2200193Ia 4500
003 SISC
005 20170228085003.0
008 140529s9999 xx 000 0 und d
020 _a9780071220989
050 _aHF 5429
_b.L4828 2012
100 _aLevy, Michael.
245 _aRetailing management /
_cMichael Levy and Barton A. Weitz ; introducing digital co-author, Lauren Skinner Beitelspacher
250 _a8th edition.
260 _aNew York :
_bMcGraw-Hill/Irwin,
_c2012.
300 _a675 pages :
_bcolor illustrations ;
_c28 cm.
500 _aIncludes appendices, bibliographical references, glossary and index.
942 _kFOR
_cBK
_2lcc
999 _c117851
_d117851